Fear no evil /

Bibliographic Details
Main Author: Shcharansky, Anatoly
Format: Book
Language:English
Published: New York, NY : Random House, [1988]
Edition:1st ed.
Subjects:

MARC

Tag First Indicator Second Indicator Subfields
LEADER 00000cam a22000008a 4500
001 in00000036184
005 20151007055407.0
008 871022s1988 nyuaf 00110aeng
010 |a  87043228  
020 |a 0394558782 :  |c $19.95 
035 |a (OCoLC)17548841 
035 |9 AAB8124AM 
040 |a DLC  |c DLC  |d OCL  |d TXA  |d UtOrBLW 
041 1 |a eng  |h rus 
043 |a e-ur--- 
049 |a TXAM  |c [A11116463] 
050 0 0 |a DS135.R95  |b S497 1988 
082 0 |a 323.4/092/4  |a B  |2 19 
100 1 |a Shcharansky, Anatoly. 
245 1 0 |a Fear no evil /  |c Natan Sharansky ; translated by Stefani Hoffman. 
250 |a 1st ed. 
263 |a 8806 
264 1 |a New York, NY :  |b Random House,  |c [1988] 
264 4 |c ©1988 
300 |a xxii, 437 pages, 4 unnumbered pages of plates :  |b illustrations 
336 |a text  |b txt  |2 rdacontent 
337 |a unmediated  |b n  |2 rdamedia 
338 |a volume  |b nc  |2 rdacarrier 
500 |a Includes index. 
600 1 0 |a Shcharansky, Anatoly  |y Imprisonment. 
650 0 |a Jews  |z Soviet Union  |v Biography. 
650 0 |a Refuseniks  |v Biography. 
650 0 |a Political prisoners  |z Soviet Union  |v Biography. 
650 0 |a Civil rights  |z Soviet Union. 
999 |a MARS 
999 f f |s c48548cb-2367-3c73-90d1-3040356ef54a  |i 6f1d9f07-eb78-3aaf-9396-fb82f7a73d45  |t 0 
952 f f |p ric  |a Texas A&M University  |b Rellis Campus  |c Joint Library Facility  |d Remote Storage  |t 0  |e DS135.R95 S497 1988  |h Library of Congress classification  |i unmediated -- volume  |m A14811116463 
998 f f |a DS135.R95 S497 1988  |t 0  |l Remote Storage